[Event "FIDE World Bl Team Pool D"]
[Site "London ENG"]
[Date "2025.06.14"]
[Round "5.1"]
[White "Skytte, Rasmus"]
[Black "Cancedda-Dupuis, Livio"]
[Result "1/2-1/2"]
[WhiteTitle "IM"]
[WhiteElo "2367"]
[BlackElo "2053"]
[WhiteTeam "Danish Futures"]
[BlackTeam "The London Legends"]
[WhiteFideId "1404210"]
[BlackFideId "499447"]
[EventDate "2025.06.14"]
[EventType "team"]

1. e4 c5 2. d4 cxd4 3. c3 dxc3 4. Nxc3 e6 5. Nf3 a6 6. Bc4 Nc6 7. O-O d6 8. Qe2
Be7 9. Rd1 Qc7 10. Bf4 Nf6 11. Rac1 O-O 12. h3 Nd7 13. Bb3 Nde5 14. Nd5 Nxf3+
15. Qxf3 exd5 16. exd5 Ne5 17. Bxe5 Qd8 18. Bd4 Re8 19. Re1 Bd7 20. Bc2 Rc8 21.
Bd3 Rxc1 22. Rxc1 Bg5 23. Rd1 Bf6 24. Bxf6 Qxf6 25. Qxf6 gxf6 26. f4 Rc8 27. Kf2
Rc5 28. Be4 f5 29. Bf3 Rc2+ 30. Kg3 Rxb2 31. Rc1 Rxa2 32. Rc7 Bb5 33. Rxb7 Be2
34. Rd7 Bxf3 35. Kxf3 Ra3+ 36. Kf2 Ra2+ 37. Kg3 a5 38. Rxd6 Kg7 39. Ra6 a4 40.
d6 Rd2 41. Rxa4 Rxd6 42. Ra3 Kg6 43. Kf3 h5 44. g3 Rc6 1/2-1/2

[Event "FIDE World Bl Team Pool D"]
[Site "London ENG"]
[Date "2025.06.14"]
[Round "5.2"]
[White "Bryant, Harry"]
[Black "Kistrup, Nicolai"]
[Result "0-1"]
[BlackTitle "IM"]
[WhiteElo "2062"]
[BlackElo "2381"]
[WhiteTeam "The London Legends"]
[BlackTeam "Danish Futures"]
[WhiteFideId "489158"]
[BlackFideId "1444816"]
[EventDate "2025.06.14"]
[EventType "team"]

1. e4 e5 2. Nf3 Nc6 3. Bb5 a6 4. Ba4 Nf6 5. Nc3 Bc5 6. d3 h6 7. O-O d6 8. Nd5
O-O 9. c3 Nxd5 10. exd5 Ne7 11. Bb3 Ba7 12. Be3 f5 13. Nd2 Kh7 14. Qh5 f4 15.
Bxa7 Rxa7 16. Ne4 Rf5 17. Qh4 Qe8 18. g4 Ng6 19. Qh3 Rf8 20. f3 Qe7 21. Kf2 Nh4
22. Bc2 h5 23. d4 Kg8 24. dxe5 dxe5 25. Rg1 Ra8 26. Qf1 hxg4 27. fxg4 Bd7 28.
Qc4 Kh8 29. Qxc7 Ng6 30. g5 Rac8 31. Qd6 Qf7 32. Nc5 Bf5 33. Ne6 Bxc2 34. h4 e4
35. h5 e3+ 36. Ke2 Nh4 37. Qe5 Qxh5+ 38. Kf1 Qf3+ 39. Ke1 Qf2# 0-1

[Event "FIDE World Bl Team Pool D"]
[Site "London ENG"]
[Date "2025.06.14"]
[Round "5.3"]
[White "Nilssen, Ellen Fredericia"]
[Black "Dasgupta, Avyukt"]
[Result "0-1"]
[WhiteTitle "WIM"]
[WhiteElo "2160"]
[BlackElo "2125"]
[WhiteTeam "Danish Futures"]
[BlackTeam "The London Legends"]
[WhiteFideId "1441230"]
[BlackFideId "480630"]
[EventDate "2025.06.14"]
[EventType "team"]

1. d4 Nf6 2. c4 e6 3. Nc3 Bb4 4. e3 b6 5. Bd2 Bb7 6. Nf3 O-O 7. Be2 d6 8. O-O
Nbd7 9. b3 Bxc3 10. Bxc3 Ne4 11. Bb2 f5 12. Ne1 Qg5 13. f3 Qxe3+ 14. Kh1 Nf2+
15. Rxf2 Qxf2 16. Qd3 Rf6 17. Nc2 Rh6 18. d5 Qg3 19. h3 Ne5 20. Qd2 exd5 21.
cxd5 Ba6 22. Nd4 Bxe2 23. Qxe2 Rf8 24. Ne6 Nxf3 25. Qxf3 Rxh3+ 26. Kg1 Qh2+ 27.
Kf2 Rxf3+ 28. Kxf3 Qh5+ 29. Kf2 Rf7 30. Re1 Qh4+ 31. Kf1 Re7 32. Re3 Qh1+ 33.
Kf2 Qd1 34. Bd4 f4 35. Re2 Rxe6 36. dxe6 Qxd4+ 37. Kf3 Kf8 38. Re4 Qxe4+ 39.
Kxe4 c6 40. Kxf4 Ke7 41. Kf5 g6+ 42. Kg5 Kxe6 43. Kh6 Kf5 44. Kxh7 d5 0-1

[Event "FIDE World Bl Team Pool D"]
[Site "London ENG"]
[Date "2025.06.14"]
[Round "5.4"]
[White "Patel, Zain"]
[Black "Skytte, Robert"]
[Result "1/2-1/2"]
[BlackTitle "CM"]
[WhiteElo "2045"]
[BlackElo "2015"]
[WhiteTeam "The London Legends"]
[BlackTeam "Danish Futures"]
[WhiteFideId "469246"]
[BlackFideId "1471775"]
[EventDate "2025.06.14"]
[EventType "team"]

1. Nf3 a6 2. b3 b5 3. Bb2 Bb7 4. e3 Nf6 5. c4 b4 6. d4 e6 7. Nbd2 Be7 8. Bd3 d5
9. O-O O-O 10. Qe2 Nbd7 11. Rad1 a5 12. e4 dxe4 13. Nxe4 Nxe4 14. Bxe4 Bxe4 15.
Qxe4 Nf6 16. Qe2 a4 17. Ne5 axb3 18. axb3 Bd6 19. d5 exd5 20. cxd5 Re8 21. f4
Ra2 22. Rd2 Nd7 23. Ra1 Rxa1+ 24. Bxa1 Nxe5 25. fxe5 Bxe5 26. Bxe5 f6 27. d6
fxe5 28. Qc4+ Kh8 29. d7 Rf8 30. Qxb4 Rf7 31. Qc5 e4 32. Qe5 Rxd7 33. Rxd7 Qxd7
34. Qxe4 Qd1+ 35. Kf2 Qd2+ 36. Kg3 Qc3+ 37. Qf3 Qe5+ 38. Qf4 Qc3+ 39. Qf3 Qe5+
40. Qf4 Qc3+ 1/2-1/2

[Event "FIDE World Bl Team Pool D"]
[Site "London ENG"]
[Date "2025.06.14"]
[Round "5.5"]
[White "Derlich, Sarah Sima"]
[Black "Mokhber-Garcia, Sebastian"]
[Result "1/2-1/2"]
[WhiteTitle "WCM"]
[WhiteElo "1926"]
[BlackElo "1853"]
[WhiteTeam "Danish Futures"]
[BlackTeam "The London Legends"]
[WhiteFideId "1469290"]
[BlackFideId "499269"]
[EventDate "2025.06.14"]
[EventType "team"]

1. e4 e5 2. Nf3 Nf6 3. Bc4 Nc6 4. d3 Be7 5. O-O h6 6. c3 d6 7. Re1 a6 8. Bb3 b5
9. a4 Bb7 10. d4 O-O 11. Bc2 b4 12. d5 Nb8 13. cxb4 a5 14. bxa5 Rxa5 15. b4 Ra8
16. Nc3 c6 17. dxc6 Nxc6 18. b5 Na5 19. Nd5 Nxd5 20. exd5 f5 21. Bb3 Bf6 22. Bb2
Qb6 23. Ba2 Rfc8 24. Rc1 Re8 25. Qc2 Bc8 26. Qc7 Bd8 27. Qxb6 Bxb6 28. Ba3 Rd8
29. Bb4 Nb7 30. Bb3 Nc5 31. Bxc5 Bxc5 32. Nxe5 Bb7 33. Nc6 Re8 34. Ne7+ Kf7 35.
Nxf5 Bb4 36. Rxe8 Rxe8 37. h3 Kf6 38. Nd4 Ba5 39. Ne6 g5 40. g4 h5 41. gxh5 Rh8
42. Re1 Rxh5 43. Re3 Bb6 44. Rf3+ Ke7 45. Rf5 Rxh3 46. Bd1 Bxd5 47. Rxd5 Kxe6
48. Bg4+ Kxd5 49. Bxh3 Kc4 50. Be6+ Kb4 51. Kg2 Kxa4 52. Kg3 Kxb5 53. f4 gxf4+
54. Kxf4 Kc5 55. Ke4 Ba5 56. Kd3 d5 57. Bxd5 1/2-1/2

[Event "FIDE World Bl Team Pool D"]
[Site "London ENG"]
[Date "2025.06.14"]
[Round "5.6"]
[White "Maton, Emily"]
[Black "Andries, Leia"]
[Result "1-0"]
[WhiteElo "1980"]
[BlackElo "1830"]
[WhiteTeam "The London Legends"]
[BlackTeam "Danish Futures"]
[WhiteFideId "343120293"]
[BlackFideId "1469207"]
[EventDate "2025.06.14"]
[EventType "team"]

1. d4 Nf6 2. Nf3 e6 3. Bf4 d5 4. e3 c5 5. c3 Bd6 6. Bg3 O-O 7. Bd3 Qc7 8. O-O
Nbd7 9. Nbd2 b6 10. e4 Bxg3 11. hxg3 dxe4 12. Nxe4 Bb7 13. Qe2 Nxe4 14. Bxe4
Bxe4 15. Qxe4 Nf6 16. Qf4 Qxf4 17. gxf4 cxd4 18. Nxd4 Rfd8 19. f5 exf5 20. Nxf5
Rd2 21. b3 h6 22. Rfd1 Rad8 23. Nd4 Rxd1+ 24. Rxd1 Ne4 25. Rc1 Rc8 26. c4 Rd8
27. Nf3 Nd2 28. Nxd2 Rxd2 29. a3 Rd3 30. Rb1 Kf8 31. Kf1 Ke7 32. Ke2 Rd6 33. Rd1
Re6+ 34. Kd2 Kd6 35. Kc3+ Kc6 36. b4 a6 37. a4 b5 38. axb5+ axb5 39. c5 Kc7 40.
Rd3 Kc6 41. Rg3 g6 42. Rf3 f5 43. Rd3 Kc7 44. Rd1 Ra6 45. Kb3 g5 46. Rd5 f4 47.
Rf5 Kc8 48. Rf8+ Kc7 49. Rf7+ Kc8 50. Rh7 Kb8 51. Rh8+ Kc7 52. Rh7+ Kc8 53. Rf7
Kb8 54. Rf5 Kc7 55. Rd5 Kb7 56. Kc3 Kc7 57. Kd4 Re6 58. Re5 Ra6 59. Re7+ Kc8 60.
Rh7 Kd8 61. Kd5 Ke8 62. c6 Kd8 63. Kd6 1-0

[Event "FIDE World Bl Team Pool D"]
[Site "London ENG"]
[Date "2025.06.14"]
[Round "5.1"]
[White "Navara, David"]
[Black "Nogerbek, Kazybek"]
[Result "0-1"]
[WhiteTitle "GM"]
[BlackTitle "GM"]
[WhiteElo "2657"]
[BlackElo "2538"]
[WhiteTeam "Hetman GKS Katowice"]
[BlackTeam "Barys.kz"]
[WhiteFideId "309095"]
[BlackFideId "13710427"]
[EventDate "2025.06.14"]
[EventType "team"]

1. d4 Nf6 2. c4 e6 3. Nc3 d5 4. cxd5 exd5 5. Bg5 Be7 6. e3 O-O 7. Bd3 Re8 8.
Nge2 h6 9. Bh4 c6 10. O-O a5 11. Rc1 Nbd7 12. a4 Ne4 13. Bxe7 Qxe7 14. Re1 Ndf6
15. f3 Nxc3 16. Nxc3 Qb4 17. Re2 Bd7 18. Qe1 Re7 19. h3 Rae8 20. Qf2 c5 21. dxc5
Qxc5 22. Rce1 Bc6 23. Nb5 Bxb5 24. Bxb5 Rc8 25. Qh4 Rec7 26. Rd1 Qe7 27. Qd4 Rc2
28. Red2 g6 29. Kf2 h5 30. h4 Kg7 31. Bd3 Rxd2+ 32. Rxd2 Rc1 33. Be2 Kg8 34. Rd1
Rc2 35. Rd2 Rc1 36. Rd1 Rc5 37. Bd3 b6 38. Rd2 Nd7 39. Rc2 Ne5 40. Rxc5 bxc5 41.
Qxd5 Qxh4+ 42. Ke2 Qg3 43. f4 Ng4 44. Qf3 Qh4 45. Bc4 Qf6 46. Qb7 Kg7 47. g3 Nh6
48. Qd5 Nf5 49. Qe5 Nxg3+ 50. Kf3 Qxe5 51. fxe5 Nf5 52. Ke4 f6 53. Kd5 Nxe3+ 54.
Kxc5 Nxc4 55. exf6+ Kxf6 56. b4 h4 0-1

[Event "FIDE World Bl Team Pool D"]
[Site "London ENG"]
[Date "2025.06.14"]
[Round "5.2"]
[White "Makhnev, Denis"]
[Black "Klimkowski, Jan"]
[Result "0-1"]
[WhiteTitle "GM"]
[BlackTitle "GM"]
[WhiteElo "2531"]
[BlackElo "2508"]
[WhiteTeam "Barys.kz"]
[BlackTeam "Hetman GKS Katowice"]
[WhiteFideId "13707647"]
[BlackFideId "21856222"]
[EventDate "2025.06.14"]
[EventType "team"]

1. d4 Nf6 2. Nf3 d5 3. Bf4 e6 4. e3 c5 5. Nbd2 Qb6 6. Rb1 Bd7 7. Ne5 cxd4 8.
Nxd7 Nbxd7 9. exd4 Qxd4 10. Be3 Qa4 11. Be2 Bc5 12. Bxc5 Nxc5 13. O-O O-O 14. c4
Qxa2 15. b4 Nce4 16. Nxe4 Nxe4 17. Ra1 Qb2 18. Bd3 Qxb4 19. cxd5 exd5 20. Qh5
Nf6 21. Qf5 Rfe8 22. Rfb1 Qc3 23. Rc1 Qd4 24. Rab1 Re7 25. Rd1 Qg4 26. Qxg4 Nxg4
27. f4 Nf6 28. h3 h5 29. Rdc1 Rd8 30. Rb5 b6 31. Kf2 Ne4+ 32. Kf3 Nc5 33. Bf1 d4
34. Rd1 d3 35. g4 hxg4+ 36. hxg4 d2 37. Rbb1 Kf8 38. Be2 Rd4 39. Rb2 Red7 40.
Rc2 Ke7 41. Bb5 R7d6 42. Ke3 Re4+ 43. Kf3 Rdd4 0-1

[Event "FIDE World Bl Team Pool D"]
[Site "London ENG"]
[Date "2025.06.14"]
[Round "5.3"]
[White "Seemann, Jakub"]
[Black "Mamedov, Edgar"]
[Result "0-1"]
[WhiteTitle "IM"]
[BlackTitle "IM"]
[WhiteElo "2450"]
[BlackElo "2509"]
[WhiteTeam "Hetman GKS Katowice"]
[BlackTeam "Barys.kz"]
[WhiteFideId "21874697"]
[BlackFideId "13739980"]
[EventDate "2025.06.14"]
[EventType "team"]

1. d4 d5 2. c4 e6 3. Nf3 Nf6 4. Nc3 c6 5. Qd3 dxc4 6. Qxc4 b5 7. Qd3 a6 8. g4 c5
9. g5 c4 10. Qe3 Nd5 11. Nxd5 Qxd5 12. Bg2 Bb4+ 13. Kf1 Bb7 14. h4 Nd7 15. h5
Qf5 16. h6 gxh6 17. Rxh6 Bf8 18. Rh4 Be7 19. Qf4 Qxf4 20. Bxf4 h5 21. Re1 Nf8
22. Ne5 Bxg2+ 23. Kxg2 Ng6 24. Nxg6 fxg6 25. e4 O-O-O 26. Be3 Rhf8 27. f4 Rd7
28. Rh2 Bd8 29. Rd1 Bc7 30. Kg3 e5 31. Kf3 exd4 32. Rhd2 d3 33. Rh2 Be5 34. f5
Bxh2 35. f6 Be5 36. Bc5 Rff7 37. Ke3 Kb7 38. a4 Kc6 39. Bb4 h4 40. Bc3 Bxc3 41.
bxc3 h3 42. Kf4 Kd6 43. Rh1 Rh7 44. axb5 axb5 45. e5+ Ke6 46. Ra1 Ra7 47. Rh1 h2
48. Ke4 d2 49. Kd4 Rad7+ 0-1

[Event "FIDE World Bl Team Pool D"]
[Site "London ENG"]
[Date "2025.06.14"]
[Round "5.4"]
[White "Agmanov, Zhandos"]
[Black "Cieslak, Patryk"]
[Result "1-0"]
[WhiteTitle "IM"]
[BlackTitle "FM"]
[WhiteElo "2481"]
[BlackElo "2442"]
[WhiteTeam "Barys.kz"]
[BlackTeam "Hetman GKS Katowice"]
[WhiteFideId "13708309"]
[BlackFideId "21078882"]
[EventDate "2025.06.14"]
[EventType "team"]

1. e4 e5 2. Nf3 Nc6 3. Bb5 a6 4. Ba4 Nf6 5. O-O b5 6. Bb3 Bb7 7. d3 Be7 8. c3
O-O 9. Re1 d6 10. h3 Na5 11. Bc2 c5 12. Nbd2 Qc7 13. Nf1 Rfe8 14. Ng3 Bf8 15.
Bg5 Nd7 16. Rc1 h6 17. Bd2 g6 18. Nh2 Nf6 19. Qf3 Bg7 20. Rcd1 Qe7 21. Ng4 Nxg4
22. hxg4 Rad8 23. b4 cxb4 24. cxb4 Nc6 25. Ne2 Qd7 26. Bb3 Bc8 27. Rc1 Rf8 28.
a3 Ne7 29. g5 h5 30. Be3 Qb7 31. Nc3 Bg4 32. Qg3 Be6 33. Bxe6 fxe6 34. Qh3 Qd7
35. Ne2 Rc8 36. d4 Rc4 37. d5 Rxe4 38. dxe6 Qd8 39. Ng3 Rg4 40. Nxh5 gxh5 41.
Qxh5 Rc4 42. g6 Rf6 43. Qh7+ Kf8 44. Bg5 Rxe6 45. Rxc4 bxc4 46. Re3 e4 47. Rg3
Qb6 48. Bh6 Qd4 49. Rg4 Bxh6 50. Qf7# 1-0

[Event "FIDE World Bl Team Pool D"]
[Site "London ENG"]
[Date "2025.06.14"]
[Round "5.5"]
[White "Tsatsalashvili, Keti"]
[Black "Balabayeva, Xeniya"]
[Result "1-0"]
[WhiteTitle "WGM"]
[BlackTitle "WGM"]
[WhiteElo "2305"]
[BlackElo "2352"]
[WhiteTeam "Hetman GKS Katowice"]
[BlackTeam "Barys.kz"]
[WhiteFideId "13603434"]
[BlackFideId "13719688"]
[EventDate "2025.06.14"]
[EventType "team"]

1. d4 d5 2. c4 e6 3. Nc3 Nf6 4. Bg5 Be7 5. e3 h6 6. Bh4 Nbd7 7. cxd5 exd5 8. Bd3
c6 9. Nge2 O-O 10. O-O Ne8 11. Bg3 Bd6 12. Rb1 Qe7 13. Re1 Ndf6 14. Qc2 Bd7 15.
Nf4 g5 16. Nfe2 Bxg3 17. Nxg3 Ng7 18. b4 a6 19. Na4 Rae8 20. Nc5 Bc8 21. a4 h5
22. b5 axb5 23. axb5 h4 24. Nf5 Bxf5 25. Bxf5 b6 26. Na4 cxb5 27. Rxb5 Qa3 28.
Nxb6 Ne4 29. Bxe4 dxe4 30. Rxg5 f6 31. Qc4+ Kh7 32. Rg4 Qa5 33. Rxh4+ Kg6 34.
Rb1 Rh8 35. Rg4+ Kh6 36. Qf7 Kh7 1-0

[Event "FIDE World Bl Team Pool D"]
[Site "London ENG"]
[Date "2025.06.14"]
[Round "5.6"]
[White "Nurakyn, Suleiman"]
[Black "Smolinski, Wojciech"]
[Result "1-0"]
[WhiteElo "1773"]
[BlackElo "1987"]
[WhiteTeam "Barys.kz"]
[BlackTeam "Hetman GKS Katowice"]
[WhiteFideId "447003073"]
[BlackFideId "21088683"]
[EventDate "2025.06.14"]
[EventType "team"]

1. d4 Nf6 2. c4 g6 3. Nc3 d5 4. cxd5 Nxd5 5. e4 Nxc3 6. bxc3 Bg7 7. Nf3 c5 8.
Bb5+ Nd7 9. O-O O-O 10. Be3 Nf6 11. Qc2 Bg4 12. Ne5 cxd4 13. cxd4 Be6 14. Bd3
Nd7 15. Nxd7 Bxd7 16. Rfd1 Qa5 17. e5 Ba4 18. Qd2 Qxd2 19. Rxd2 e6 20. Be4 Rab8
21. Rb1 b5 22. f4 a6 23. Kf2 Rfc8 24. d5 exd5 25. Bxd5 Bf8 26. e6 Bc5 27. exf7+
Kf8 28. Bxc5+ Rxc5 29. Re1 Rd8 30. Re5 b4 31. Ke3 Rc3+ 32. Ke2 Bb5+ 33. Kd1 Ba4+
34. Ke1 Rc1+ 35. Kf2 Rc5 36. Ke3 Bb5 37. g4 Rc3+ 38. Kf2 a5 39. g5 Rc5 40. Ke3
Rc3+ 41. Ke4 a4 42. Kd4 Rcc8 43. Ke3 Rc3+ 44. Ke4 b3 45. axb3 axb3 46. Rb2 Ba4
47. Kd4 Rc2 48. Rb1 b2 49. Kd3 Rxh2 50. Kc3 Rc8+ 51. Kb4 Bd7 52. Rbe1 Rb8+ 53.
Kc5 Rc2+ 54. Kd6 b1=Q 55. Rxb1 Rxb1 56. Kxd7 Rb8 57. Re8+ Rxe8 58. fxe8=Q+ 1-0

[Event "FIDE World Bl Team Pool D"]
[Site "London ENG"]
[Date "2025.06.14"]
[Round "5.1"]
[White "Orozbaev, Eldiyar"]
[Black "Medal Paves, Jose Maria"]
[Result "1-0"]
[WhiteTitle "IM"]
[WhiteElo "2367"]
[BlackElo "1968"]
[WhiteTeam "Noval Group Kyrgyzstan"]
[BlackTeam "REY AHOGADO"]
[WhiteFideId "13802240"]
[BlackFideId "24501492"]
[EventDate "2025.06.14"]
[EventType "team"]

1. e4 e5 2. Nf3 Nc6 3. Bc4 Be7 4. d4 exd4 5. Nxd4 Nf6 6. Nc3 O-O 7. Be3 Bb4 8.
Nxc6 dxc6 9. Qxd8 Rxd8 10. f3 b5 11. Be2 a6 12. Bd2 Be6 13. O-O-O h6 14. a3 Bc5
15. Bf4 Bb6 16. g4 Nh7 17. h4 Kf8 18. g5 h5 19. Be5 f6 20. gxf6 Nxf6 21. Bd3 Kf7
22. Ne2 c5 23. Nf4 c4 24. Be2 Nd7 25. Nxe6 Kxe6 26. Bxg7 Be3+ 27. Kb1 Ne5 28.
Rd5 Bf4 29. Rhd1 Rxd5 30. exd5+ Kf5 31. d6 cxd6 32. Rxd6 1-0

[Event "FIDE World Bl Team Pool D"]
[Site "London ENG"]
[Date "2025.06.14"]
[Round "5.2"]
[White "Schneider Sanchez, Carlos D."]
[Black "Sharshenbekov, Emir"]
[Result "0-1"]
[BlackTitle "CM"]
[WhiteElo "2003"]
[BlackElo "2091"]
[WhiteTeam "REY AHOGADO"]
[BlackTeam "Noval Group Kyrgyzstan"]
[WhiteFideId "22230440"]
[BlackFideId "13810634"]
[EventDate "2025.06.14"]
[EventType "team"]

1. Nf3 Nf6 2. c4 c5 3. g3 g6 4. Bg2 Bg7 5. O-O O-O 6. Nc3 Nc6 7. d3 d5 8. cxd5
Nxd5 9. Bd2 e6 10. Rc1 b6 11. Qc2 Bb7 12. Qb1 h6 13. a3 Kh7 14. Na2 Rc8 15. b4
Nd4 16. Nxd4 cxd4 17. Rxc8 Qxc8 18. Rc1 Qd7 19. Qb3 Rc8 20. Rc2 Bc6 21. Qb2 Nc3
22. Nxc3 Bxg2 23. Kxg2 dxc3 24. Bxc3 Qc6+ 25. Kg1 Bxc3 26. Qb3 a5 27. b5 Qc5 28.
e3 h5 29. d4 Qc4 30. Qb1 a4 31. Qc1 Qb3 32. h4 Rc4 33. Kh2 Rc7 34. Kg2 Qd5+ 35.
Kg1 Qc4 36. Kh2 Kg8 37. Kg1 Kf8 38. Kg2 Ke8 39. Kg1 Kd8 40. Kh2 Qd3 41. Kg2 Kd7
42. Kg1 Rc4 43. Kg2 Kd6 44. Kf3 Kd5 45. Kg2 Qe4+ 46. f3 Qd3 47. e4+ Kd6 48. Kh3
Qxd4 49. e5+ Kc5 50. f4 Kxb5 51. Qb1+ Ka6 52. Qf1 b5 53. Qf3 Kb6 54. Qa8 Rc6 55.
Qb8+ Kc5 56. Qa7+ Kc4 0-1

[Event "FIDE World Bl Team Pool D"]
[Site "London ENG"]
[Date "2025.06.14"]
[Round "5.3"]
[White "Degenbaev, Aziz"]
[Black "Henriquez Garcia, David"]
[Result "1-0"]
[WhiteTitle "FM"]
[WhiteElo "2286"]
[BlackElo "1905"]
[WhiteTeam "Noval Group Kyrgyzstan"]
[BlackTeam "REY AHOGADO"]
[WhiteFideId "13802640"]
[BlackFideId "2204320"]
[EventDate "2025.06.14"]
[EventType "team"]

1. e4 e6 2. d4 d5 3. Nc3 Nf6 4. e5 Nfd7 5. f4 c5 6. Nf3 Nc6 7. Be3 a6 8. a3 b5
9. Bd3 Be7 10. O-O c4 11. Be2 b4 12. axb4 Bxb4 13. f5 Bxc3 14. fxe6 fxe6 15.
bxc3 O-O 16. Qe1 Ne7 17. Ng5 Rxf1+ 18. Qxf1 Nf5 19. Nxe6 Nxe3 20. Nxd8 Nxf1 21.
Kxf1 Nb6 22. Bf3 Bf5 23. Nc6 Bxc2 24. Ne7+ Kf7 25. Nxd5 Bd3+ 26. Kf2 Nxd5 27.
Bxd5+ Ke7 28. Bxa8 1-0

[Event "FIDE World Bl Team Pool D"]
[Site "London ENG"]
[Date "2025.06.14"]
[Round "5.4"]
[White "Cujba, Anca-Claudia"]
[Black "Iunusov, Nuriddin"]
[Result "0-1"]
[BlackTitle "CM"]
[WhiteElo "1741"]
[BlackElo "1953"]
[WhiteTeam "REY AHOGADO"]
[BlackTeam "Noval Group Kyrgyzstan"]
[WhiteFideId "1215612"]
[BlackFideId "13803026"]
[EventDate "2025.06.14"]
[EventType "team"]

1. e4 e5 2. Nf3 Nc6 3. Nc3 Nf6 4. d4 Bb4 5. d5 Ne7 6. Bd3 d6 7. Bg5 Ng6 8. a3
Bxc3+ 9. bxc3 h6 10. Bd2 O-O 11. Rb1 b6 12. c4 Bd7 13. h3 Qe7 14. O-O Nh5 15.
Nxe5 Qxe5 16. f4 Nhxf4 17. Qf3 Nxd3 18. cxd3 f5 19. Qh5 Kh7 20. Rbe1 f4 21. Qe2
Rf7 22. Bc1 Raf8 23. Bb2 Qg5 24. Qd2 Bxh3 25. Re2 Nh4 26. Kh2 0-1

[Event "FIDE World Bl Team Pool D"]
[Site "London ENG"]
[Date "2025.06.14"]
[Round "5.5"]
[White "Sovetbekova, Nurai"]
[Black "Heimbaecher, Peter"]
[Result "1-0"]
[WhiteTitle "WFM"]
[WhiteElo "2007"]
[BlackElo "1804"]
[WhiteTeam "Noval Group Kyrgyzstan"]
[BlackTeam "REY AHOGADO"]
[WhiteFideId "13801910"]
[BlackFideId "24617431"]
[EventDate "2025.06.14"]
[EventType "team"]

1. d4 d5 2. Bf4 Nc6 3. e3 Bf5 4. Nf3 h6 5. Bd3 Be4 6. O-O g5 7. Bg3 f5 8. Ne5
Nf6 9. Ng6 Rg8 10. Nxf8 Kxf8 11. f3 Bxd3 12. Qxd3 Qd7 13. c4 Rd8 14. Nc3 Kg7 15.
cxd5 Nb4 16. Qc4 Nbxd5 17. Be5 Kg6 18. Rae1 c6 19. e4 fxe4 20. fxe4 Nxc3 21.
bxc3 Ng4 22. Qf7# 1-0

[Event "FIDE World Bl Team Pool D"]
[Site "London ENG"]
[Date "2025.06.14"]
[Round "6.1"]
[White "Grischuk, Alexander"]
[Black "Kohlmann, Robert"]
[Result "1-0"]
[WhiteTitle "GM"]
[WhiteElo "2667"]
[BlackElo "2026"]
[WhiteTeam "KazChess"]
[BlackTeam "REY AHOGADO"]
[WhiteFideId "4126025"]
[BlackFideId "14900467"]
[EventDate "2025.06.14"]
[EventType "team"]

1. e4 d6 2. d4 Nf6 3. Nc3 g6 4. Nf3 Bg7 5. Be3 c6 6. h3 Qc7 7. Qd2 b5 8. Bd3 e5
9. dxe5 dxe5 10. a4 b4 11. Ne2 a5 12. c3 bxc3 13. Qxc3 Ba6 14. Ng3 Bxd3 15. Qxd3
O-O 16. O-O Na6 17. Rac1 Rfd8 18. Qc4 Nb4 19. Rfd1 Rxd1+ 20. Rxd1 Rd8 21. Rxd8+
Qxd8 22. Nxe5 Qc7 23. Nd3 Qd6 24. Nxb4 axb4 25. a5 Nd7 26. a6 Qd1+ 27. Nf1 Qa1
28. Qxc6 Nf6 1-0

[Event "FIDE World Bl Team Pool D"]
[Site "London ENG"]
[Date "2025.06.14"]
[Round "6.2"]
[White "Medal Paves, Jose Maria"]
[Black "Rapport, Richard"]
[Result "0-1"]
[BlackTitle "GM"]
[WhiteElo "1968"]
[BlackElo "2714"]
[WhiteTeam "REY AHOGADO"]
[BlackTeam "KazChess"]
[WhiteFideId "24501492"]
[BlackFideId "738590"]
[EventDate "2025.06.14"]
[EventType "team"]

1. e4 c5 2. Be2 Nc6 3. f4 d5 4. d3 e6 5. Nf3 Bd6 6. O-O Nge7 7. c3 f6 8. Kh1 O-O
9. Na3 Kh8 10. Be3 b6 11. Nc2 Bd7 12. Qd2 Qc7 13. Rae1 Rad8 14. Bd1 Bc8 15. a3
Ba6 16. Rf2 dxe4 17. dxe4 Bxf4 18. Bxf4 Rxd2 19. Bxc7 Rxf2 20. Kg1 Rxf3 21. gxf3
e5 22. Bd6 Rd8 23. Bxe7 Nxe7 24. Be2 Bxe2 25. Rxe2 Ng6 26. Ne3 Nf4 27. Rc2 Kg8
28. Nd5 Nxd5 29. Rd2 c4 30. Kf2 Kf7 31. exd5 f5 32. Ke3 g5 33. h4 h6 34. hxg5
hxg5 35. Rh2 Kg6 36. Rd2 Kf6 37. a4 a6 38. Rh2 Kg6 39. Rd2 Rd6 40. Rd1 b5 41.
axb5 axb5 42. Rd2 Kf6 43. Rd1 Rd8 44. Rd2 Rh8 45. d6 Ke6 46. d7 Rd8 47. Rg2 Rxd7
48. Rxg5 Rd3+ 49. Ke2 b4 50. cxb4 Rb3 51. Rg6+ Kd5 52. Rf6 Rxb2+ 53. Kd1 f4 0-1

[Event "FIDE World Bl Team Pool D"]
[Site "London ENG"]
[Date "2025.06.14"]
[Round "6.3"]
[White "Esipenko, Andrey"]
[Black "Schneider Sanchez, Carlos D."]
[Result "1-0"]
[WhiteTitle "GM"]
[WhiteElo "2689"]
[BlackElo "2003"]
[WhiteTeam "KazChess"]
[BlackTeam "REY AHOGADO"]
[WhiteFideId "24175439"]
[BlackFideId "22230440"]
[EventDate "2025.06.14"]
[EventType "team"]

1. d4 d5 2. Nf3 e6 3. Bf4 Nf6 4. e3 Bd6 5. Bg3 b6 6. Nbd2 O-O 7. c3 h6 8. Bd3
Ba6 9. Bxa6 Nxa6 10. Ne5 c5 11. Qe2 Nc7 12. O-O Qe7 13. Bh4 Rfd8 14. Nc6 Qd7 15.
Nxd8 Rxd8 16. e4 Be7 17. e5 Nh7 18. Bxe7 Qxe7 19. f4 g6 20. g4 a6 21. Kh1 cxd4
22. cxd4 Nb5 23. Nf3 Rc8 24. a4 Nc7 25. Rac1 Qd7 26. b3 Nf8 27. Qd2 b5 28. f5 1-0

[Event "FIDE World Bl Team Pool D"]
[Site "London ENG"]
[Date "2025.06.14"]
[Round "6.4"]
[White "Henriquez Garcia, David"]
[Black "Sadvakasov, Darmen"]
[Result "0-1"]
[BlackTitle "GM"]
[WhiteElo "1905"]
[BlackElo "2629"]
[WhiteTeam "REY AHOGADO"]
[BlackTeam "KazChess"]
[WhiteFideId "2204320"]
[BlackFideId "13700464"]
[EventDate "2025.06.14"]
[EventType "team"]

1. d4 Nf6 2. c4 e6 3. Nf3 b6 4. e3 Bb7 5. Bd3 c5 6. O-O cxd4 7. Nxd4 Be7 8. Nc3
O-O 9. b3 d5 10. cxd5 Nxd5 11. Bb2 Nxc3 12. Bxc3 Nd7 13. Rc1 Ba3 14. Rc2 Qe7 15.
Nb5 Bc5 16. Qa1 f6 17. Bc4 Rfc8 18. Nd4 Nf8 19. Bd3 a6 20. a4 Bd5 21. e4 Bb7 22.
Nf3 Bb4 23. Bxb4 Qxb4 24. Rc4 Qxb3 25. Rxc8 Rxc8 26. Rd1 Rd8 27. Be2 Rxd1+ 28.
Bxd1 Qb4 29. Qd4 Qxd4 30. Nxd4 Bxe4 31. Bb3 Kf7 32. f3 Bd5 33. Bc2 h6 34. Kf2
Nd7 35. Ke3 Nc5 36. Ne2 g5 37. Nc3 Bc6 38. g4 Ke7 39. h3 Kd6 40. f4 b5 41. axb5
axb5 42. Na2 Na6 43. fxg5 hxg5 44. Bb3 f5 45. gxf5 exf5 46. Bc2 f4+ 47. Kf2 Kc5
48. Nc1 Nb4 49. Bb3 Bd5 50. Bd1 Be4 51. Bh5 0-1